Statistics for TV Undercover, Detective and Private Eye Shows

Click here to take the quiz!

General Stats

  • This quiz has been taken 64 times
  • The average score is 8 of 15

Answer Stats

HintAnswer% Correct
1970's show that featured three female detectives who usually went undercover working for an unseen boss. They received their missions by telephone.Charlie's Angels
93%
This series aired for 12 seasons and featured a retired English teacher, turned mystery writer who solved more murders in her town of Cabot Cove than the police.Murder, She Wrote
93%
This Private Investigator lives at the home of Robin Masters, named Robin's Nest, on Oahu, Hawaii. The character is know for his thick mustache, mutiple Hawaiian shirts and Detroit Tigers baseball cap.Magnum PI
87%
This series starred Bruce Willis and Cybill Shepherd as private detectives.Moonlighting
83%
Jonathan a self-made millionaire and his wife Jennifer, a beautiful freelance journalist moonilght as amateur detectives.Hart to Hart
74%
This late 80's early 90's series focused on a squad of youthful-looking police officers working undercover investigating crimes in high schools and other teenage venues.21 Jump Street
59%
The series was about a laid back PI who worked out of his mobile home in Malibu, CA.. The opening credits featured the theme playing while an anwering machine answered a call.Rockford Files
52%
Laura Holt reluctantly teams with a former thief and con man who has assumed the fictious name Laura had given her Private Detective Agency.Remington Steele
48%
Series set in the fictional town of Neptune, CA, stars Kristen Bell as the title character, a high school/college student who moonlights as a private investigator under the watchful eye of her detective father.Veronica Mars
41%
Dan Tanna, played by Robert Urich, was a P.I. who drove a 1957 Ford Thunderbird and each week got into trouble the casinos, the mob, the police or combination of the three.Vegas
39%
Buddy Ebsen stars as a private eye who comes out of retirement to solve the murder of his son Hal. Working with his widowed daughter-in-law, Betty, they solved the case and decided to continue the detective agency together. . The title character was unusual, ordering milk in restaurants and bars, counter to the stereotypical hard drinking detective.Barnaby Jones
33%
This series starred Mike Connors as a Private Detective and was considered the most violent show of its era. The show also featured Gail Fisher, one of the first blacks with a regular series role, as his secretary Peggy Fair.Mannix
28%
Craig Stevens as a well-dressed private investigator who loves cool jazz and hangs out at Mother's. Show best know for the theme song by Henry Mancini.Peter Gunn
24%
This show starred Robert Conrad and Anthony Eisley whose characters owned a private eye security firm whose major client was the Hawaiian Village Hotel. They received help from the Connie Stevens character, Cricket, who was a photographer.Hawaiian Eye
17%
In this late 1950's show Mike Connors starred as "Nick" who went undercover to infiltrate criminal gangs.Tightrope
4%

Score Distribution

Percentile by Number Answered

Percent of People with Each Score

Your Score History

You have not taken this quiz